00395nam a22001457a 4500003000400000020001800004082001800022100001600040245006400056250000800120260003400128300000800162650001500170653006400185SGT a9781635506914 a616.855bC25H aHEGDE, M.N. aCLIONICAL METHODS & PRACTICUM IN SPEECH- LANGUAGE PATHOLOGY a7TH aSAN DIEGO bPLURAL PUB c2025 a413 aAUDIOLOGY  aCLIONICAL METHODS & PRACTICUM IN SPEECH- LANGUAGE PATHOLOGY